United states supreme court reports 165 (Record no. 619697)

MARC details
000 -LEADER
fixed length control field 00453nam a22001697a 4500
008 - FIXED-LENGTH DATA ELEMENTS--GENERAL INFORMATION
fixed length control field 260424b |||||||| |||| 00| 0 eng d
020 ## - INTERNATIONAL STANDARD BOOK NUMBER
Paper back/Hardbound hbk
082 ## - DEWEY DECIMAL CLASSIFICATION NUMBER
Classification number 348.7346 UNI.165
245 ## - TITLE STATEMENT
Title United states supreme court reports 165
250 ## - EDITION STATEMENT
Edition statement Lawyers
260 ## - PUBLICATION, DISTRIBUTION, ETC. (IMPRINT)
Place of publication colorado springs:
Name of publisher Lexis Nexis,
Year of publication 2005.
300 ## - PHYSICAL DESCRIPTION
Number of Pages xlix,1113p.
Dimensions ;24cm.
490 ## - SERIES STATEMENT
Volume number/sequential designation vol.547 u.s (part)and 548 U.S
650 ## - SUBJECT ADDED ENTRY--TOPICAL TERM
Topical Term Law
942 ## - ADDED ENTRY ELEMENTS (KOHA)
Koha item type English Books
Holdings
Withdrawn status Lost status Damaged status Not for loan Home library Current library Shelving location Date acquired Full call number Accession Number Price effective from Koha item type
        Anna Centenary Library Anna Centenary Library 4TH FLOOR, A WING 24.04.2026 348.7346 UNI.165 478635 24.04.2026 English Books

Find us on the map